000 00609nam a2200217 a 4500
999 _c3801
_d3801
001 3801
003 BD-JhCC
005 20171119101206.0
008 171116s uk |||| |||| 000 0 eng d
035 _a(BD-JhCC)
040 _aBD-JhCC
_dBD-JhCC
041 _aeng
082 _a823
_bFAU
100 _aFaucett, Lawrence
245 _aThe prince with the Golden Hair and King Bird-Head /
_cLawrence Faucett
260 _aLondon :
_bOxford University Press,
300 _a32 p.;
_c14 cm.
490 _aThe Oxford English Course Supplementary Readers, Stage A
650 _aEnglish language
942 _2ddc
_cBK